Vista normal
Vista MARC
Entrada Personal Name
Número de registros utilizados en: 1
001 - CONTROL NUMBER
- control field: 17842
003 - CONTROL NUMBER IDENTIFIER
- control field: DLC
005 - DATE AND TIME OF LATEST TRANSACTION
- control field: 20260212122657.0
008 - FIXED-LENGTH DATA ELEMENTS
- fixed length control field: 181126n| azannaabn |a aaa c
010 ## - LIBRARY OF CONGRESS CONTROL NUMBER
- LC control number: no2018160786
035 ## - SYSTEM CONTROL NUMBER
- System control number: (OCoLC)oca11665857
040 ## - CATALOGING SOURCE
- Original cataloging agency: TxU
- Language of cataloging: spa
- Description conventions: rda
- Transcribing agency: Mx-PuUPA
- Modifying agency: Mx-PuUPA
100 1# - HEADING--PERSONAL NAME
- Personal name: Reyes Ortega, Michel André,
373 ## - ASSOCIATED GROUP
- Associated group: Universidad Iberoamericana (Ciudad de México, México)
- Source of term: naf
373 ## - ASSOCIATED GROUP
- Associated group: Instituto de Ciencia Conductual Contextual y Terapias Integrativas. Ciudad de México
- Source of term: naf
374 ## - OCCUPATION
- Occupation: Autor
375 ## - GENDER
- Gender: hombre
377 ## - ASSOCIATED LANGUAGE
- Language code: spa
400 1# - SEE FROM TRACING--PERSONAL NAME
- Personal name: Ortega, Michel André Reyes
670 ## - SOURCE DATA FOUND
- Source citation: Manual clínico de trastornos psicológicos, 2018:
- Information found: title page (Dr. Michel André Reyes Ortega; doctor en investigación psicológica, Universidad Iberoamericana)